South Eastern Kenya University

Library Online Public Access Catalogue


Home and away games : (Record no. 18034)

MARC details
000 -LEADER
fixed length control field 00388nam a22001577a 4500
003 - CONTROL NUMBER IDENTIFIER
control field OSt
005 - DATE AND TIME OF LATEST TRANSACTION
control field 20211008113714.0
008 - FIXED-LENGTH DATA ELEMENTS--GENERAL INFORMATION
fixed length control field 211008b |||||||| |||| 00| 0 eng d
040 ## - CATALOGING SOURCE
Original cataloging agency SEKU
050 ## - LIBRARY OF CONGRESS CALL NUMBER
Classification number PS 3553
Item number .I33
100 ## - MAIN ENTRY--PERSONAL NAME
Personal name Cielec, Greg
245 ## - TITLE STATEMENT
Title Home and away games :
Remainder of title a novella
300 ## - PHYSICAL DESCRIPTION
Extent 92p.:
650 ## - SUBJECT ADDED ENTRY--TOPICAL TERM
Form subdivision Ohio
General subdivision High school students
Geographic subdivision Cleveland
942 ## - ADDED ENTRY ELEMENTS (KOHA)
Source of classification or shelving scheme Library of Congress Classification
Koha item type General circulation
Holdings
Withdrawn status Lost status Source of classification or shelving scheme Damaged status Not for loan Home library Current library Shelving location Date acquired Source of acquisition Total Checkouts Full call number Barcode Date last seen Price effective from Koha item type
    Library of Congress Classification     SEHSS - Library SEHSS - Library General Stacks 08/10/2021 DONATION   [EHS] PS 3553 .I33 2016/010047 08/10/2021 08/10/2021 General circulation
Kitui, Kenya.
+254736116989
library@seku.ac.ke